Engineering electromagnetics / (Record no. 14605)

MARC details
000 -LEADER
fixed length control field 01079cam a22003135i 4500
001 - CONTROL NUMBER
control field 3856186
003 - CONTROL NUMBER IDENTIFIER
control field EG-ScBUE
005 - DATE AND TIME OF LATEST TRANSACTION
control field 20250526090059.0
008 - FIXED-LENGTH DATA ELEMENTS--GENERAL INFORMATION
fixed length control field 880623s1989 nyua f 001 0 eng d
020 ## - INTERNATIONAL STANDARD BOOK NUMBER
International Standard Book Number 0071004882
020 ## - INTERNATIONAL STANDARD BOOK NUMBER
International Standard Book Number 9780071004886
040 ## - CATALOGING SOURCE
Original cataloging agency EG-ScBUE
Language of cataloging eng
Description conventions rda
Transcribing agency EG-ScBUE
Modifying agency EG-ScBUE
082 04 - DEWEY DECIMAL CLASSIFICATION NUMBER
Classification number 530.141
Item number HAY
Edition number 22
100 1# - MAIN ENTRY--PERSONAL NAME
Personal name Hayt, William Hart,
Dates associated with a name 1920-
9 (RLIN) 9162
Relator term author.
245 10 - TITLE STATEMENT
Title Engineering electromagnetics /
Statement of responsibility, etc William H. Hayt, Jr., professor of electrical engineering, Emeritus Purdue University.
250 ## - EDITION STATEMENT
Edition statement Fifth edition.
250 ## - EDITION STATEMENT
Edition statement International edition.
264 #1 - PUBLICATION, DISTRIBUTION, ETC. (IMPRINT)
Place of publication, distribution, etc New York :
Name of publisher, distributor, etc McGraw-Hill Book Company,
Date of publication, distribution, etc 1989.
300 ## - PHYSICAL DESCRIPTION
Extent xiii, 472 pages :
Other physical details illustrations (some color) ;
Dimensions 25 cm.
336 ## - CONTENT TYPE
Source rdacontent
Content type term text
Content type code txt
337 ## - MEDIA TYPE
Media type term unmediated
Source rdamedia
Media type code n
338 ## - CARRIER TYPE
Carrier type term volume
Carrier type code nc
Source rdacarrier
490 0# - SERIES STATEMENT
Series statement McGraw-Hill series in electrical engineering
500 ## - GENERAL NOTE
General note Includes index.<br/>
500 ## - GENERAL NOTE
General note Includes Appendices.<br/>
650 #7 - SUBJECT ADDED ENTRY--TOPICAL TERM
Topical term or geographic name as entry element Electromagnetic theory.
9 (RLIN) 17057
Source of heading or term BUEsh
655 ## - INDEX TERM--GENRE/FORM
Form subdivision Reading book
942 ## - ADDED ENTRY ELEMENTS (KOHA)
Source of classification or shelving scheme Dewey Decimal Classification
Koha item type Book - Borrowing
Holdings
Withdrawn status Lost status Source of classification or shelving scheme Damaged status Not for loan Collection code Home library Current library Shelving location Date acquired Source of acquisition Cost, normal purchase price Total Checkouts Total Renewals Full call number Barcode Date last seen Date checked out Price effective from Koha item type
    Dewey Decimal Classification     Alahram Central Library Central Library First floor 04/08/2010   93.30 3 3 530.141 HAY 000021637 15/07/2025 06/05/2019 04/08/2010 Book - Borrowing